00949cam a22002655a 45000010009000000050017000090080041000260200029000670400028000960820022001241000026001462450078001722600044002503000034002944900030003285000024003585040031003826500026004136500040004396510010004796530024004899420008005139990017005219520145005381867917120201128023855.0150629s2016 enka frb 001 0 eng d a9781118556788 (hardback) aDLCbengcDLCdEG-ScBUE04a332.6457222bGRE1 aGreen, Andrew,d1971-10aXVA :bcredit, funding and capital valuation adjustments /cAndrew Green. aChichester :bJohn Wiley & Sons,c2016. axxv, 510 p. :bill. ;c24 cm.0 aThe wiley finance series. aIndex : p. 489-510. aBibliography : p. 469-488. 7aFinance.2BUEsh91509 7aDerivative securities.2BUEsh93234 2BUEsh bBUSADMcOctober2016 2ddc c22595d22567 00102ddc40708AcademicaMAINbMAINc1STd2016-10-16ePurchaseg840.00h9154l0o332.6457 GREp000034095r2025-07-15 00:00:00v1050.00yBB